Statistiques concernant Personnages célèbres - Série 01

Cliquez ici pour prendre le quiz!

Statistiques générales

  • Ce quiz a été pris 483 fois
  • Le résultat moyen est 8 sur 15

Statistiques - réponses

Réponse% Correct
Albert Einstein
98%
Abraham Lincoln
84%
Staline
84%
Madonna
83%
Mao
80%
Mark Zuckerberg
78%
Lenine
70%
Whitney houston
55%
Mick Jagger
53%
Sigmund Freud
51%
Charles Darwin
40%
Gisele Bündchen
21%
Groucho Marx
17%
Charles Dickens
9%
Alexander Hamilton
2%

Distribution des résultats

Percentile par nombre de réponses

% des personnes avec chaque résultat

Votre développement - résultats

Vous n’avez pas pris ce quiz